[Event "LSS WC-2011-T-00002"]
[Site "LSS email"]
[Date "2010.06.10"]
[Round "?"]
[White "Baklanov, Valentin Petrovich"]
[Black "Myers, David Robert"]
[Result "1-0"]
[WhiteElo "2366"]
[BlackElo "2358"]
[PlyCount "61"]
[EventDate "2010.06.15"]
[EventType "tourn (corr)"]
[EventRounds "10"]
[EventCountry "GER"]
[EventCategory "4"]
[SourceTitle "Telechess CBM 143"]
[Source "ChessBase"]
[SourceDate "2011.07.15"]
[SourceVersion "1"]
[SourceVersionDate "2011.07.15"]
[SourceQuality "1"]

1. e4 e6 2. d4 d5 3. Nc3 Bb4 4. e5 c5 5. a3 Bxc3+ 6. bxc3 Qa5 7. Bd2 Qa4 8. h4 b6 9. h5 Ba6 10. Qg4 Kf8 11. Rh3 Bxf1 12. Kxf1 Nc6 13. Rg3 g6 14. Qh3 gxh5 15. Rf3 Nd8 16. Bg5 Qxc2 17. Ne2 Ke8 18. Nf4 h6 19. Bxd8 Rxd8 20. Qxh5 Qf5 21. Qxf5 exf5 22. dxc5 bxc5 23. Rb1 Ne7 24. Nh5 Kf8 25. Rb7 d4 26. cxd4 cxd4 27. Rfb3 Rg8 28. Nf6 Rg6 29. Rb8 Nc6 30. Rxd8+ Nxd8 31. Rb8 1-0

[Event "LSS WC-2011-T-00002"]
[Site "LSS email"]
[Date "2010.06.10"]
[Round "?"]
[White "Bernal Varela, Nelson"]
[Black "Myers, David Robert"]
[Result "1/2-1/2"]
[WhiteElo "2221"]
[BlackElo "2371"]
[PlyCount "50"]
[EventDate "2010.06.15"]
[EventType "tourn (corr)"]
[EventRounds "10"]
[EventCountry "GER"]
[EventCategory "4"]
[SourceTitle "Telechess CBM 143"]
[Source "ChessBase"]
[SourceDate "2011.07.15"]
[SourceVersion "1"]
[SourceVersionDate "2011.07.15"]
[SourceQuality "1"]

1. e4 e6 2. d4 d5 3. Nd2 Nf6 4. e5 Nfd7 5. Bd3 c5 6. c3 Nc6 7. Ne2 cxd4 8. cxd4 f6 9. Nf4 Nxd4 10. Qh5+ Ke7 11. exf6+ Nxf6 12. Ng6+ hxg6 13. Qxh8 Kf7 14. 0-0 e5 15. Nb3 Nxb3 16. axb3 Be6 17. Qh4 Qb6 18. Bg5 e4 19. Bc2 Rc8 20. Rfc1 Qd4 21. Qf4 Bc5 22. Bd1 Qxb2 23. h3 Qd4 24. Ra4 Qd3 25. Raa1 Qd4 1/2-1/2

[Event "LSS WC-2011-T-00002"]
[Site "LSS email"]
[Date "2010.06.10"]
[Round "?"]
[White "Gildred, Terrence L Nick"]
[Black "Myers, David Robert"]
[Result "1-0"]
[WhiteElo "2310"]
[BlackElo "2348"]
[PlyCount "59"]
[EventDate "2010.06.15"]
[EventType "tourn (corr)"]
[EventRounds "10"]
[EventCountry "GER"]
[EventCategory "4"]
[SourceTitle "Telechess CBM 143"]
[Source "ChessBase"]
[SourceDate "2011.07.15"]
[SourceVersion "1"]
[SourceVersionDate "2011.07.15"]
[SourceQuality "1"]

1. d4 f5 2. Nf3 Nf6 3. g3 g6 4. Bg2 Bg7 5. 0-0 0-0 6. c4 d6 7. Nc3 Qe8 8. d5 a5 9. Rb1 Na6 10. b3 Bd7 11. Bb2 Nc5 12. a3 h6 13. b4 axb4 14. axb4 Nce4 15. Nxe4 Nxe4 16. Bxg7 Kxg7 17. Qd4+ Kh7 18. Nd2 Nxd2 19. Qxd2 Qf7 20. Rbc1 f4 21. c5 fxg3 22. hxg3 Bb5 23. Rc3 Rad8 24. Qc2 Qf6 25. Re3 Bd7 26. cxd6 cxd6 27. Qc7 b5 28. Rf3 Qg7 29. Rxf8 Qxf8 30. Ra1 1-0

[Event "LSS WC-2011-T-00002"]
[Site "LSS email"]
[Date "2010.06.10"]
[Round "?"]
[White "Myers, David Robert"]
[Black "Gates, Roy"]
[Result "1/2-1/2"]
[WhiteElo "2365"]
[BlackElo "2340"]
[PlyCount "41"]
[EventDate "2010.06.15"]
[EventType "tourn (corr)"]
[EventRounds "10"]
[EventCountry "GER"]
[EventCategory "4"]
[SourceTitle "Telechess CBM 143"]
[Source "ChessBase"]
[SourceDate "2011.07.15"]
[SourceVersion "1"]
[SourceVersionDate "2011.07.15"]
[SourceQuality "1"]

1. Nf3 d5 2. d4 e6 3. c4 c6 4. e3 Nf6 5. b3 Nbd7 6. Bb2 Bd6 7. Nbd2 0-0 8. Bd3 b6 9. 0-0 Bb7 10. Ne5 c5 11. cxd5 exd5 12. f4 cxd4 13. exd4 Ne4 14. Nxe4 dxe4 15. Bc4 Nf6 16. Qe2 Rc8 17. Rac1 Rc7 18. a4 Bb4 19. Rc2 Re8 20. Rfc1 Ree7 21. Bb5 1/2-1/2

[Event "LSS WC-2011-T-00002"]
[Site "LSS email"]
[Date "2010.06.10"]
[Round "?"]
[White "Myers, David Robert"]
[Black "Grennefors, Thomas"]
[Result "1/2-1/2"]
[WhiteElo "2362"]
[BlackElo "2386"]
[PlyCount "65"]
[EventDate "2010.06.15"]
[EventType "tourn (corr)"]
[EventRounds "10"]
[EventCountry "GER"]
[EventCategory "4"]
[SourceTitle "Telechess CBM 143"]
[Source "ChessBase"]
[SourceDate "2011.07.15"]
[SourceVersion "1"]
[SourceVersionDate "2011.07.15"]
[SourceQuality "1"]

1. e4 e5 2. Nf3 Nc6 3. d4 exd4 4. Nxd4 Nf6 5. Nxc6 bxc6 6. e5 Qe7 7. Qe2 Nd5 8. c4 Ba6 9. b3 0-0-0 10. g3 g5 11. Bb2 Bg7 12. Nd2 Nb4 13. 0-0-0 Nxa2+ 14. Kb1 Nb4 15. Ne4 c5 16. Bh3 Bb7 17. Rhe1 Kb8 18. Bf5 Bxe4+ 19. Bxe4 Rhe8 20. Bxh7 Rh8 21. Bf5 Rxh2 22. Qf3 Rh6 23. Qg4 Rh2 24. Re2 a6 25. Bc3 Nc6 26. Rd5 Rh1+ 27. Kc2 Nd4+ 28. Bxd4 cxd4 29. Qxd4 Qa3 30. Qb2 Qb4 31. Bxd7 Rf1 32. g4 Qe7 33. Qd4 1/2-1/2

[Event "LSS ST-2009-0-00058"]
[Site "LSS email"]
[Date "2009.08.26"]
[Round "?"]
[White "Myers, David Robert"]
[Black "Szczepanski, Zbigniew"]
[Result "0-1"]
[WhiteElo "2386"]
[BlackElo "2449"]
[PlyCount "90"]
[EventDate "2009.07.14"]
[EventType "tourn (corr)"]
[EventRounds "6"]
[EventCountry "GER"]
[SourceTitle "Telechess CBM 137"]
[Source "ChessBase"]
[SourceDate "2010.07.15"]
[SourceVersion "1"]
[SourceVersionDate "2010.07.15"]
[SourceQuality "1"]

1. d4 d5 2. c4 c6 3. Nf3 e6 4. e3 Nf6 5. Nc3 Nbd7 6. Bd3 dxc4 7. Bxc4 b5 8. Bd3 Bb7 9. 0-0 a6 10. e4 c5 11. d5 Qc7 12. dxe6 fxe6 13. Bc2 Bd6 14. Ng5 Nf8 15. f4 0-0-0 16. Qe1 e5 17. Nd5 Bxd5 18. exd5 exf4 19. Bd2 Re8 20. Qf2 Kb7 21. a4 h6 22. Ne6 Nxe6 23. dxe6 b4 24. Bf5 g5 25. Rac1 Qb6 26. Rfd1 Rd8 27. Qf3+ Ka7 28. Be1 Be7 29. g3 fxg3 30. Bxg3 h5 31. Bf2 h4 32. Qe3 Rxd1+ 33. Rxd1 Rd8 34. Rd3 Rxd3 35. Qxd3 Qc6 36. a5 Qa4 37. Qd2 Qxa5 38. Qxg5 Qd8 39. Qxh4 Qd1+ 40. Be1 Kb6 41. Bh3 a5 42. Bf1 a4 43. Bf2 Qg4+ 44. Bg3 Qd4+ 45. Bf2 Ne4 0-1

[Event "LSS ST-2009-0-00046"]
[Site "LSS email"]
[Date "2009.03.21"]
[Round "?"]
[White "Myers, David Robert"]
[Black "Morozov, Dmitry Viktorovich"]
[Result "0-1"]
[WhiteElo "2397"]
[BlackElo "2368"]
[PlyCount "68"]
[EventDate "2009.01.25"]
[EventType "tourn (corr)"]
[EventRounds "6"]
[EventCountry "GER"]
[SourceTitle "Corr 2011"]
[Source "ChessBase"]
[SourceDate "2010.08.31"]
[SourceVersion "1"]
[SourceVersionDate "2010.08.31"]
[SourceQuality "1"]

1. c4 e5 2. Nc3 Nf6 3. g3 d5 4. cxd5 Nxd5 5. Bg2 Nb6 6. d3 Be7 7. Nf3 Nc6 8. 0-0 0-0 9. a3 Be6 10. b4 a5 11. b5 Nd4 12. Nd2 c6 13. bxc6 Nxc6 14. Rb1 a4 15. Bxc6 bxc6 16. Qc2 Qc7 17. Nce4 c5 18. Bb2 f6 19. Rfc1 Rfc8 20. h4 Ba2 21. Ra1 Bf7 22. Rab1 c4 23. d4 exd4 24. Bxd4 Nd7 25. Qc3 Qc6 26. g4 Qd5 27. e3 Rab8 28. g5 Rb3 29. Nxb3 Qxe4 30. Nd2 Qg4+ 31. Kf1 Qxh4 32. e4 Qxg5 33. Rb7 Be6 34. Rcb1 Qh5 0-1

[Event "IECG ST.2009.0.00046 email"]
[Site "IECG email"]
[Date "2009.03.20"]
[Round "?"]
[White "Obukhov, Gennady Nikolaevich"]
[Black "Myers, David Robert"]
[Result "0-1"]
[WhiteElo "2412"]
[BlackElo "2397"]
[PlyCount "96"]
[EventDate "2009.01.25"]
[EventType "tourn (corr)"]
[EventRounds "6"]
[SourceTitle "Myers"]
[Source "Myers"]
[SourceDate "2012.11.12"]
[SourceVersion "1"]
[SourceVersionDate "2012.11.12"]
[SourceQuality "1"]

1. d4 e6 2. c4 d5 3. e4 dxe4 4. Nc3 Nf6 5. f3 Bb4 6. Be3 c5 7. Qb3 Nc6 8. dxc5 e5 9. Rd1 Qa5 10. a3 Bxc3+ 11. Qxc3 Qxc3+ 12. bxc3 Be6 13. Ne2 exf3 14. gxf3 Bxc4 15. Ng3 Be6 16. Rg1 Ke7 17. Ne4 Nxe4 18. fxe4 g6 19. Rg2 Rhc8 20. Rd6 Na5 21. Rb2 Rc7 22. Kf2 f6 23. Rb5 Nc6 24. Rd1 Rd8 25. Rdb1 Rdd7 26. R5b2 a6 27. Rb6 h5 28. Be2 Na5 29. Rd6 Rc6 30. Rxc6 Nxc6 31. Rb2 h4 32. Rb6 Rc7 33. Ke1 g5 34. Bf2 Na5 35. Rb4 Kf7 36. Be3 Kg6 37. Kf2 Nc6 38. Rb6 f5 39. exf5+ Kxf5 40. h3 Kg6 41. Kg2 Bd5+ 42. Kg1 Be4 43. Bc4 Rg7 44. Be6 Bf5 45. Bd5 Bxh3 46. Bxc6 bxc6 47. Rxc6+ Kh5 48. Kh2 Rd7 0-1